[Event "GBR-ch110 Over 65"]
[Site "Hull"]
[Date "2024.08.02"]
[Round "5.21"]
[White "Sheppard, Derek A"]
[Black "Vickery, Jim E"]
[Result "1/2-1/2"]
[WhiteElo "1785"]
[BlackElo "1923"]
[PlyCount "26"]
[EventDate "2024.07.29"]
[EventType "swiss"]
[EventRounds "7"]
[EventCountry "GBR"]
[SourceTitle "BritBase"]
[Source "John Saunders"]
[SourceDate "2025.02.20"]
[SourceVersion "1"]
[SourceVersionDate "2025.02.20"]
[SourceQuality "1"]

1. d4 Nf6 2. Nf3 g6 3. c4 Bg7 4. Nc3 d6 5. e4 Nbd7 6. Be2 e5 7. dxe5 dxe5 8. O-O O-O 9. h3 c6 10. Be3 Re8 11. Qc2 Bf8 12. Rfd1 Qc7 13. a3 Nc5 1/2-1/2

[Event "GBR-ch110 Over 65"]
[Site "Hull"]
[Date "2024.08.02"]
[Round "5.22"]
[White "Matthews, Gabriel"]
[Black "Hall, Alan A"]
[Result "1-0"]
[WhiteElo "1917"]
[BlackElo "1801"]
[PlyCount "103"]
[EventDate "2024.07.29"]
[EventType "swiss"]
[EventRounds "7"]
[EventCountry "GBR"]
[SourceTitle "BritBase"]
[Source "John Saunders"]
[SourceDate "2025.02.20"]
[SourceVersion "1"]
[SourceVersionDate "2025.02.20"]
[SourceQuality "1"]

1. d4 Nf6 2. Nf3 d5 3. Bg5 e6 4. c3 c5 5. e3 Nbd7 6. Bd3 Bd6 7. Nbd2 O-O 8. O-O cxd4 9. exd4 b6 10. Qe2 Bb7 11. Ne5 Be7 12. f4 Re8 13. Rf3 Qc7 14. Nxd7 Nxd7 15. Raf1 Nf8 16. Bxe7 Rxe7 17. Rg3 Rae8 18. Qg4 f6 19. Qh5 g6 20. f5 exf5 21. Qh6 Rg7 22. Rgf3 Bc8 23. Kh1 Ne6 24. h4 Ree7 25. R1f2 Bd7 26. Nf1 f4 27. Nh2 f5 28. Rh3 Ref7 29. Nf3 Qd8 30. Ng5 Nxg5 31. Qxg5 Qxg5 32. hxg5 Re7 33. Rxf4 Re1+ 34. Kh2 Rge7 35. Rf2 R1e3 36. Rhf3 Kf7 37. Kg3 Re1 38. Rf1 R1e3 39. Kf4 Rxf3+ 40. gxf3 Kg7 41. Rf2 Kf7 42. Rh2 Kg7 43. Re2 Rxe2 44. Bxe2 h6 45. gxh6+ Kxh6 46. Ke5 g5 47. Kxd5 Bc8 48. Ke5 Kg6 49. Bd3 Bd7 50. c4 Bc8 51. b4 g4 52. fxg4 1-0

[Event "GBR-ch110 Over 65"]
[Site "Hull"]
[Date "2024.08.02"]
[Round "5.23"]
[White "Jerome, Stellio"]
[Black "Georgiou, Denis"]
[Result "1-0"]
[WhiteElo "1665"]
[BlackElo "1854"]
[PlyCount "117"]
[EventDate "2024.07.29"]
[EventType "swiss"]
[EventRounds "7"]
[EventCountry "GBR"]
[SourceTitle "BritBase"]
[Source "John Saunders"]
[SourceDate "2025.02.20"]
[SourceVersion "1"]
[SourceVersionDate "2025.02.20"]
[SourceQuality "1"]

1. f4 Nf6 2. Nf3 g6 3. e3 Bg7 4. Be2 c5 5. O-O O-O 6. d3 Nc6 7. e4 d6 8. Nc3 a6 9. Qe1 b5 10. Qh4 b4 11. Nd1 Nd4 12. Nxd4 cxd4 13. f5 e6 14. g4 h6 15. Bxh6 Nh7 16. Qxd8 Rxd8 17. Bd2 exf5 18. gxf5 gxf5 19. exf5 Rb8 20. h4 Rb5 21. Bg4 Nf6 22. Bg5 Re8 23. Bh3 Nh5 24. Rf3 Bb7 25. Rf2 Re1+ 26. Bf1 Rbe5 27. f6 Bh8 28. Bd2 Bxf6 29. Bxe1 Rxe1 30. Re2 Rxf1+ 31. Kxf1 Ng3+ 32. Kf2 Nxe2 33. Kxe2 Bxh4 34. Nf2 f5 35. Rg1+ Kf7 36. Nh3 Bf6 37. Nf4 Be5 38. Nh5 Bd5 39. b3 a5 40. Rf1 Bc6 41. Nf4 Kf6 42. Kd2 Bb7 43. Rf2 Bc6 44. Ne2 Kg5 45. Ke1 Kf6 46. Kf1 Kg5 47. Ng1 Kg4 48. Ne2 Kg5 49. Kg1 Kg4 50. Rf1 Kg5 51. Kf2 Kf6 52. Rg1 Bd5 53. Ng3 Ke6 54. Nf1 Kf6 55. Nd2 Bf4 56. Ke2 Bf7 57. Rh1 d5 58. Nf3 Be3 59. Rh8 1-0

[Event "GBR-ch110 Over 65"]
[Site "Hull"]
[Date "2024.08.02"]
[Round "5.24"]
[White "Pugh, Glyn D"]
[Black "Di Mattia, Luciano DM"]
[Result "1-0"]
[WhiteElo "1856"]
[BlackElo "1674"]
[PlyCount "43"]
[EventDate "2024.07.29"]
[EventType "swiss"]
[EventRounds "7"]
[EventCountry "GBR"]
[SourceTitle "BritBase"]
[Source "John Saunders"]
[SourceDate "2025.02.20"]
[SourceVersion "1"]
[SourceVersionDate "2025.02.20"]
[SourceQuality "1"]

1. e4 e5 2. f4 d6 3. Nf3 Nf6 4. Nc3 c6 5. d4 exd4 6. Qxd4 Qb6 7. Qxb6 axb6 8. Bd3 Nbd7 9. O-O Nc5 10. e5 dxe5 11. fxe5 Nfd7 12. Bf5 Ne6 13. Bd2 Bc5+ 14. Kh1 Bd4 15. Bxe6 Bxc3 16. Bxd7+ Bxd7 17. Bxc3 O-O-O 18. Ng5 Be6 19. Nxf7 Bxf7 20. Rxf7 Rd7 21. e6 Rxf7 22. exf7 1-0

[Event "GBR-ch110 Over 65"]
[Site "Hull"]
[Date "2024.08.02"]
[Round "5.25"]
[White "Collins, Nigel"]
[Black "Tidmarsh, David A"]
[Result "1/2-1/2"]
[WhiteElo "1631"]
[BlackElo "1839"]
[PlyCount "30"]
[EventDate "2024.07.29"]
[EventType "swiss"]
[EventRounds "7"]
[EventCountry "GBR"]
[SourceTitle "BritBase"]
[Source "John Saunders"]
[SourceDate "2025.02.20"]
[SourceVersion "1"]
[SourceVersionDate "2025.02.20"]
[SourceQuality "1"]

1. c4 e5 2. Nc3 Nf6 3. g3 c6 4. Nf3 e4 5. Nd4 d5 6. cxd5 cxd5 7. d3 Be7 8. Bg2 exd3 9. Qxd3 O-O 10. O-O h6 11. Ndb5 a6 12. Nd4 Nc6 13. Nxc6 bxc6 14. Rd1 Qc7 15. Bf4 Qb7 1/2-1/2

[Event "GBR-ch110 Over 65"]
[Site "Hull"]
[Date "2024.08.02"]
[Round "5.26"]
[White "Clancy, Martin J"]
[Black "Winter, Malcolm J"]
[Result "1-0"]
[WhiteElo "1815"]
[BlackElo "1776"]
[PlyCount "49"]
[EventDate "2024.07.29"]
[EventType "swiss"]
[EventRounds "7"]
[EventCountry "GBR"]
[SourceTitle "BritBase"]
[Source "John Saunders"]
[SourceDate "2025.02.20"]
[SourceVersion "1"]
[SourceVersionDate "2025.02.20"]
[SourceQuality "1"]

1. e4 e6 2. d4 d5 3. Nd2 dxe4 4. Nxe4 Nd7 5. c4 Ngf6 6. Nc3 c5 7. Nf3 Be7 8. Be2 O-O 9. O-O cxd4 10. Nxd4 Nb6 11. Be3 Bd7 12. b3 e5 13. Nf3 Qc7 14. h3 Bc6 15. Qc2 Rfe8 16. Rac1 Rad8 17. Rfd1 Ba3 18. Rxd8 Rxd8 19. Rd1 Re8 20. Bg5 Be7 21. Qf5 Bd7 22. Qxe5 Qxe5 23. Nxe5 Bb4 24. Bxf6 gxf6 25. Nxd7 1-0

[Event "GBR-ch110 Over 65"]
[Site "Hull"]
[Date "2024.08.03"]
[Round "6.1"]
[White "Pritchett, Craig W"]
[Black "Smith, Andrew P"]
[Result "1-0"]
[WhiteElo "2186"]
[BlackElo "2037"]
[PlyCount "131"]
[EventDate "2024.07.29"]
[EventType "swiss"]
[EventRounds "7"]
[EventCountry "GBR"]
[SourceTitle "BritBase"]
[Source "John Saunders"]
[SourceDate "2025.02.20"]
[SourceVersion "1"]
[SourceVersionDate "2025.02.20"]
[SourceQuality "1"]

1. e4 e5 2. Nf3 d6 3. d4 exd4 4. Nxd4 Nf6 5. Nc3 g6 6. Be2 Bg7 7. Bg5 O-O 8. Qd2 Nc6 9. Nxc6 bxc6 10. O-O Qe7 11. Rae1 Qe5 12. Bd3 Rb8 13. Nd1 Nd7 14. Bh6 Nc5 15. Bxg7 Qxg7 16. b3 Nxd3 17. Qxd3 a5 18. Re3 a4 19. Rfe1 axb3 20. axb3 Rb5 21. Nc3 Ra5 22. h3 Qe5 23. Qd2 Ra8 24. Rg3 Re8 25. f4 Qg7 26. Kh2 Qh6 27. Rg5 Qg7 28. Rg3 Re7 29. Ree3 Qh6 30. Qf2 Qg7 31. Rgf3 Bd7 32. Qd2 Rae8 33. Rd3 Bc8 34. Qf2 Ba6 35. Rd1 Ra8 36. Kh1 Bc8 37. e5 Bf5 38. g4 Bd7 39. Rfd3 d5 40. Qc5 Rae8 41. Ne4 dxe4 42. Rxd7 Qh6 43. Qe3 Rxd7 44. Rxd7 g5 45. Kg2 Qe6 46. Rxc7 Qd5 47. c4 Qd1 48. Rxc6 Ra8 49. f5 Kh8 50. Rd6 Qa1 51. Qxg5 Qc3 52. Qf6+ Kg8 53. Qg5+ Kh8 54. Qf6+ Kg8 55. Rd8+ Rxd8 56. Qxd8+ Kg7 57. Qf6+ Kg8 58. Qg5+ Kh8 59. Qd8+ Kg7 60. Qg5+ Kh8 61. Qf4 Qb2+ 62. Kg3 Qc3+ 63. Kh4 e3 64. Qh6 Kg8 65. f6 e2 66. Qg7# 1-0

[Event "GBR-ch110 Over 65"]
[Site "Hull"]
[Date "2024.08.03"]
[Round "6.2"]
[White "Shephard, Chris CW"]
[Black "James, Geoffrey H"]
[Result "1/2-1/2"]
[WhiteElo "2156"]
[BlackElo "2059"]
[PlyCount "48"]
[EventDate "2024.07.29"]
[EventType "swiss"]
[EventRounds "7"]
[EventCountry "GBR"]
[SourceTitle "BritBase"]
[Source "John Saunders"]
[SourceDate "2025.02.20"]
[SourceVersion "1"]
[SourceVersionDate "2025.02.20"]
[SourceQuality "1"]

1. g3 e5 2. Bg2 g6 3. d4 exd4 4. Qxd4 Qf6 5. Qxf6 Nxf6 6. Nc3 Bg7 7. e4 d6 8. Nge2 a6 9. O-O Nc6 10. a3 O-O 11. Bd2 Bd7 12. Rad1 Rfe8 13. Rfe1 Ne5 14. h3 Rac8 15. Kh2 h6 16. Bc1 Nc6 17. Nf4 Kh7 18. Ncd5 Nxd5 19. Nxd5 Nd4 20. c3 Nb3 21. Be3 Ba4 22. Rb1 Bb5 23. Rbd1 Ba4 24. Rb1 Bb5 1/2-1/2

[Event "GBR-ch110 Over 65"]
[Site "Hull"]
[Date "2024.08.03"]
[Round "6.3"]
[White "Chapman, Terry PD"]
[Black "Collinson, Mark I"]
[Result "1-0"]
[WhiteElo "2287"]
[BlackElo "1899"]
[PlyCount "93"]
[EventDate "2024.07.29"]
[EventType "swiss"]
[EventRounds "7"]
[EventCountry "GBR"]
[SourceTitle "BritBase"]
[Source "John Saunders"]
[SourceDate "2025.02.20"]
[SourceVersion "1"]
[SourceVersionDate "2025.02.20"]
[SourceQuality "1"]

1. d4 d5 2. Nf3 c5 3. c4 e6 4. cxd5 exd5 5. g3 Nc6 6. Bg2 Nf6 7. O-O Be7 8. Nc3 O-O 9. dxc5 Bxc5 10. Na4 Be7 11. Be3 Bg4 12. h3 Be6 13. Nd4 Nxd4 14. Bxd4 b6 15. Nc3 Rc8 16. Qb3 Qd7 17. Kh2 h5 18. Rad1 h4 19. g4 Ne4 20. f4 Ng3 21. Rf2 Bd6 22. Bxd5 Bxd5 23. Qxd5 Qe7 24. e3 Rfd8 25. Qf3 Bc5 26. Rfd2 Bb4 27. g5 Bxc3 28. bxc3 Qe6 29. Qg4 Ne4 30. Qxe6 fxe6 31. Rc2 Rxc3 32. Rdc1 Rxc2+ 33. Rxc2 Nc5 34. Kg2 Rd7 35. Kf3 Nd3 36. Kg4 g6 37. Rc8+ Kf7 38. Rh8 Nb4 39. Rh7+ Ke8 40. Rh8+ Kf7 41. Rxh4 Nxa2 42. Rh7+ Ke8 43. Rh8+ Kf7 44. h4 e5 45. Rh7+ Ke6 46. Rxd7 exd4 47. Rxa7 1-0

[Event "GBR-ch110 Over 65"]
[Site "Hull"]
[Date "2024.08.03"]
[Round "6.4"]
[White "Clark, Robert G"]
[Black "Dilleigh, Stephen P"]
[Result "1/2-1/2"]
[WhiteElo "2076"]
[BlackElo "1985"]
[PlyCount "62"]
[EventDate "2024.07.29"]
[EventType "swiss"]
[EventRounds "7"]
[EventCountry "GBR"]
[SourceTitle "BritBase"]
[Source "John Saunders"]
[SourceDate "2025.02.20"]
[SourceVersion "1"]
[SourceVersionDate "2025.02.20"]
[SourceQuality "1"]

1. c4 e6 2. g3 d5 3. Bg2 Nf6 4. Nf3 dxc4 5. O-O a6 6. a4 Nc6 7. Na3 Bxa3 8. Rxa3 O-O 9. Qc2 e5 10. Qxc4 Be6 11. Qh4 h6 12. d3 Nd5 13. Qxd8 Raxd8 14. Bd2 a5 15. Rc1 f6 16. Rc5 Rd6 17. Kf1 Rfd8 18. Ne1 R8d7 19. Rc1 b6 20. Nc2 Nd4 21. Bc3 Nxc2 22. Rxc2 c5 23. Ra1 Nb4 24. Rcc1 Nc6 25. Ke1 Nd4 26. Bxd4 Rxd4 27. Bc6 Rd8 28. Bb5 Kf7 29. Bc4 g5 30. Ra3 Bxc4 31. Rxc4 Rxc4 1/2-1/2

[Event "GBR-ch110 Over 65"]
[Site "Hull"]
[Date "2024.08.03"]
[Round "6.5"]
[White "Burnett, Jim"]
[Black "Jackson, Oliver A"]
[Result "1/2-1/2"]
[WhiteElo "2039"]
[BlackElo "2075"]
[PlyCount "75"]
[EventDate "2024.07.29"]
[EventType "swiss"]
[EventRounds "7"]
[EventCountry "GBR"]
[SourceTitle "BritBase"]
[Source "John Saunders"]
[SourceDate "2025.02.20"]
[SourceVersion "1"]
[SourceVersionDate "2025.02.20"]
[SourceQuality "1"]

1. d4 Nf6 2. c4 c5 3. Nf3 cxd4 4. Nxd4 e5 5. Nb5 d5 6. cxd5 Bc5 7. N5c3 O-O 8. e3 e4 9. Be2 Qe7 10. a3 a6 11. b4 Bd6 12. Bb2 Bf5 13. Nd2 Nbd7 14. Nb3 Ne5 15. Nd4 Bg4 16. O-O Rfe8 17. Nxe4 Nxe4 18. Bxg4 Qh4 19. h3 g6 20. f4 Qg3 21. Bf3 Nc4 22. Ne2 Qh4 23. Qd4 Nxb2 24. Bxe4 b5 25. Bd3 Qe7 26. Rf3 Nxd3 27. Qxd3 a5 28. Rb1 axb4 29. axb4 Bxb4 30. Qxb5 Bc5 31. Nd4 Ra3 32. Rb3 Ra1+ 33. Rf1 Rxf1+ 34. Qxf1 Bxd4 35. exd4 Qe4 36. Rd3 Qxd5 37. Kh2 Re4 38. Qf3 1/2-1/2

[Event "GBR-ch110 Over 65"]
[Site "Hull"]
[Date "2024.08.03"]
[Round "6.6"]
[White "Hutchinson, Paul A"]
[Black "Giulian, Philip M"]
[Result "1/2-1/2"]
[WhiteElo "2005"]
[BlackElo "2070"]
[PlyCount "106"]
[EventDate "2024.07.29"]
[EventType "swiss"]
[EventRounds "7"]
[EventCountry "GBR"]
[SourceTitle "BritBase"]
[Source "John Saunders"]
[SourceDate "2025.02.20"]
[SourceVersion "1"]
[SourceVersionDate "2025.02.20"]
[SourceQuality "1"]

1. d4 d5 2. Nf3 Nf6 3. Bf4 c5 4. e3 cxd4 5. exd4 Nc6 6. c3 Bf5 7. Nbd2 e6 8. Be2 Bd6 9. Bg3 O-O 10. Nh4 Bg6 11. Nxg6 hxg6 12. Bd3 e5 13. dxe5 Nxe5 14. Bc2 Re8 15. O-O b5 16. Re1 Qb6 17. h3 Rad8 18. Bxe5 Bxe5 19. Nb3 b4 20. Nd4 bxc3 21. bxc3 Bxd4 22. Qxd4 Qxd4 23. cxd4 Kf8 24. Kf1 Rb8 25. Bb3 Rb4 26. Rad1 Rxe1+ 27. Kxe1 a5 28. Rd3 a4 29. Bd1 Nd7 30. a3 Rc4 31. Kd2 Nb6 32. Be2 g5 33. g3 g6 34. Re3 Rc6 35. Rc3 Nc4+ 36. Bxc4 dxc4 37. Ke3 Re6+ 38. Kf3 Rb6 39. Rxc4 Rb3+ 40. Ke4 Rxa3 41. d5 Ra2 42. Ke5 Re2+ 43. Kd6 a3 44. f4 a2 45. Ra4 gxf4 46. gxf4 f6 47. Kd7 Kf7 48. d6 f5 49. Ra7 Rc2 50. Kd8+ Kf8 51. Ra6 Kf7 52. Kd7 Rb2 53. Kc7 Rc2+ 1/2-1/2

[Event "GBR-ch110 Over 65"]
[Site "Hull"]
[Date "2024.08.03"]
[Round "6.7"]
[White "Kilgour, David"]
[Black "Jackson, Sheila"]
[Result "1-0"]
[WhiteElo "2165"]
[BlackElo "1988"]
[PlyCount "89"]
[EventDate "2024.07.29"]
[EventType "swiss"]
[EventRounds "7"]
[EventCountry "GBR"]
[SourceTitle "BritBase"]
[Source "John Saunders"]
[SourceDate "2025.02.20"]
[SourceVersion "1"]
[SourceVersionDate "2025.02.20"]
[SourceQuality "1"]

1. e4 c5 2. Nf3 Nf6 3. d3 d5 4. Nbd2 Bg4 5. Be2 Nc6 6. O-O e6 7. h3 Bxf3 8. Bxf3 Be7 9. g3 O-O 10. Bg2 Rc8 11. f4 dxe4 12. dxe4 b5 13. c3 c4 14. a4 a6 15. Kh2 Qb6 16. axb5 axb5 17. Qe2 Rfd8 18. Nf3 Bc5 19. e5 Nd5 20. Ng5 h6 21. Ne4 Be7 22. Qh5 Bf8 23. Bd2 Ne3 24. Bxe3 Qxe3 25. f5 exf5 26. Qxf5 Rc7 27. Nf6+ gxf6 28. Be4 Bg7 29. Qh7+ Kf8 30. exf6 Bxf6 31. Rxf6 Ne5 32. Bg2 Rd2 33. Raf1 Rxb2 34. R6f5 Re2 35. R5f4 Qxc3 36. Qh8+ Ke7 37. Rxf7+ Kd6 38. Qf6+ Kc5 39. Rxc7+ Kb4 40. Qd6+ Kb3 41. Rc5 Nf3+ 42. Kh1 Nd4 43. Rd5 Rd2 44. Qxh6 Qb2 45. Qe3+ 1-0

[Event "GBR-ch110 Over 65"]
[Site "Hull"]
[Date "2024.08.03"]
[Round "6.8"]
[White "Moore, Gerald"]
[Black "Habershon, Paul F"]
[Result "1-0"]
[WhiteElo "2057"]
[BlackElo "1936"]
[PlyCount "53"]
[EventDate "2024.07.29"]
[EventType "swiss"]
[EventRounds "7"]
[EventCountry "GBR"]
[SourceTitle "BritBase"]
[Source "John Saunders"]
[SourceDate "2025.02.20"]
[SourceVersion "1"]
[SourceVersionDate "2025.02.20"]
[SourceQuality "1"]

1. c4 Nf6 2. Nc3 d5 3. cxd5 Nxd5 4. Nf3 e6 5. e4 Nxc3 6. bxc3 Be7 7. d4 O-O 8. Bd3 b6 9. h4 Bb7 10. Ng5 Nd7 11. e5 g6 12. Nxh7 Nxe5 13. dxe5 Qd5 14. Nxf8 Qxg2 15. Rf1 Rxf8 16. Bg5 Bxg5 17. hxg5 Qxg5 18. Qe2 Rd8 19. Rd1 Rd5 20. f4 Qg3+ 21. Kd2 Qh4 22. Kc1 Qe7 23. Kb1 Ra5 24. Bc4 Qc5 25. Qd3 Bd5 26. Bxd5 exd5 27. e6 1-0

[Event "GBR-ch110 Over 65"]
[Site "Hull"]
[Date "2024.08.03"]
[Round "6.9"]
[White "Hodge, Steve R"]
[Black "Hewson, Brian WR"]
[Result "1/2-1/2"]
[WhiteElo "1962"]
[BlackElo "2042"]
[PlyCount "70"]
[EventDate "2024.07.29"]
[EventType "swiss"]
[EventRounds "7"]
[EventCountry "GBR"]
[SourceTitle "BritBase"]
[Source "John Saunders"]
[SourceDate "2025.02.20"]
[SourceVersion "1"]
[SourceVersionDate "2025.02.20"]
[SourceQuality "1"]

1. e4 c6 2. d4 d5 3. exd5 cxd5 4. Nf3 Nf6 5. Ne5 e6 6. Bb5+ Nbd7 7. O-O Be7 8. Re1 Qb6 9. Bf1 Nxe5 10. dxe5 Ne4 11. Be3 Bc5 12. Bxc5 Nxc5 13. Nd2 O-O 14. Nb3 Nxb3 15. axb3 Bd7 16. Bd3 f5 17. c3 Rac8 18. b4 a6 19. Re2 Bb5 20. Rd2 Bxd3 21. Rxd3 Rf7 22. Rd4 Rfc7 23. Qd2 Rc4 24. Rd1 h6 25. g3 Rxd4 26. Qxd4 Qxd4 27. Rxd4 b5 28. f4 Kf7 29. Kf2 Ke7 30. Ke3 Kd7 31. Rd1 Kc6 32. h3 g5 33. Rg1 Rg8 34. Ra1 Kb6 35. Rd1 Kc6 1/2-1/2

[Event "GBR-ch110 Over 65"]
[Site "Hull"]
[Date "2024.08.03"]
[Round "6.10"]
[White "Binks, Michael E"]
[Black "Bellers, Chris JV"]
[Result "1-0"]
[WhiteElo "2003"]
[BlackElo "1933"]
[PlyCount "85"]
[EventDate "2024.07.29"]
[EventType "swiss"]
[EventRounds "7"]
[EventCountry "GBR"]
[SourceTitle "BritBase"]
[Source "John Saunders"]
[SourceDate "2025.02.20"]
[SourceVersion "1"]
[SourceVersionDate "2025.02.20"]
[SourceQuality "1"]

1. d4 g6 2. c4 Bg7 3. Nc3 c5 4. d5 Bxc3+ 5. bxc3 f5 6. f3 d6 7. Bf4 Qa5 8. Qd2 Nf6 9. e3 Nbd7 10. Bd3 Nb6 11. Ne2 Qa4 12. Qd1 Qa6 13. e4 fxe4 14. fxe4 Ng4 15. O-O Bd7 16. h3 Ne5 17. Bxe5 dxe5 18. Kh2 Qa4 19. Qb3 Rf8 20. Rxf8+ Kxf8 21. Rf1+ Kg7 22. Qb1 Rf8 23. Rxf8 Kxf8 24. Ng1 Bc8 25. Qf1+ Kg7 26. Qe1 Qd7 27. Qg3 Qd6 28. Nf3 Nd7 29. Bc2 a6 30. a4 a5 31. Bd1 Qf6 32. Ne1 Nb6 33. Nd3 Nxc4 34. Nxc5 b6 35. Nd3 Bd7 36. Qe1 Qg5 37. Bb3 Nd2 38. Bd1 Nc4 39. Qf2 b5 40. Nc5 Qe3 41. Qxe3 Nxe3 42. Nxd7 Nxd1 43. axb5 1-0

[Event "GBR-ch110 Over 65"]
[Site "Hull"]
[Date "2024.08.03"]
[Round "6.11"]
[White "Sugden, John N"]
[Black "Hughes, Roy"]
[Result "0-1"]
[WhiteElo "1959"]
[BlackElo "1980"]
[PlyCount "105"]
[EventDate "2024.07.29"]
[EventType "swiss"]
[EventRounds "7"]
[EventCountry "GBR"]
[SourceTitle "BritBase"]
[Source "John Saunders"]
[SourceDate "2025.02.20"]
[SourceVersion "1"]
[SourceVersionDate "2025.02.20"]
[SourceQuality "1"]

1. e4 d5 2. exd5 Qxd5 3. Nc3 Qd6 4. d4 Nf6 5. Bc4 a6 6. Nf3 b5 7. Bb3 Bb7 8. O-O e6 9. Re1 c5 10. dxc5 Qxd1 11. Rxd1 Bxc5 12. Ne5 Nc6 13. Nxc6 Bxc6 14. Bf4 Ke7 15. a3 Rhd8 16. Rxd8 Rxd8 17. Rd1 Rxd1+ 18. Nxd1 Ne4 19. Kf1 g5 20. Bc1 h6 21. f3 Nf6 22. Be3 Bd6 23. h3 Nd5 24. Ba7 Nf4 25. Nf2 f5 26. Nd3 Nxd3 27. cxd3 Be5 28. d4 Bf4 29. Bc5+ Bd6 30. Ke2 Kd7 31. Kd3 h5 32. Bd1 Bd5 33. b3 h4 34. Bxd6 Kxd6 35. Ke3 Bc6 36. Be2 Be8 37. Kd3 e5 38. dxe5+ Kxe5 39. Ke3 Bf7 40. Bd1 Be6 41. Bc2 a5 42. Bd1 Bd5 43. Bc2 b4 44. axb4 axb4 45. Bd1 Bf7 46. Bc2 Be6 47. Bd1 Bd5 48. Bc2 g4 49. hxg4 fxg4 50. fxg4 Bxg2 51. g5 Bd5 52. Kf2 Kf4 53. Kg1 0-1

[Event "GBR-ch110 Over 65"]
[Site "Hull"]
[Date "2024.08.03"]
[Round "6.12"]
[White "Wager, John D"]
[Black "De Coverly, Roger D"]
[Result "1-0"]
[WhiteElo "2035"]
[BlackElo "1902"]
[PlyCount "83"]
[EventDate "2024.07.29"]
[EventType "swiss"]
[EventRounds "7"]
[EventCountry "GBR"]
[SourceTitle "BritBase"]
[Source "John Saunders"]
[SourceDate "2025.02.20"]
[SourceVersion "1"]
[SourceVersionDate "2025.02.20"]
[SourceQuality "1"]

1. Nf3 Nf6 2. c4 d6 3. d4 g6 4. Nc3 Bg7 5. g3 c6 6. Bg2 O-O 7. O-O Nbd7 8. b3 e5 9. e4 Re8 10. Bb2 exd4 11. Nxd4 Nc5 12. Re1 a5 13. Rb1 Ng4 14. Ba1 Qb6 15. Re2 Ne5 16. Rd2 Bg4 17. Qc2 Rad8 18. h3 Bc8 19. Kh2 Qa7 20. Rbd1 Qb8 21. f4 Ned7 22. a3 Nf8 23. b4 axb4 24. axb4 Nce6 25. Nde2 h5 26. h4 Nh7 27. f5 Nef8 28. Nf4 Nf6 29. Bf3 gxf5 30. exf5 Re5 31. Ne4 Rxe4 32. Bxe4 Ng4+ 33. Kh1 Ne3 34. Qd3 Nxd1 35. Rxd1 Bxa1 36. Rxa1 d5 37. cxd5 Qe5 38. Rd1 Re8 39. Nxh5 Nh7 40. dxc6 bxc6 41. Qd4 Qc7 42. Qg7# 1-0

[Event "GBR-ch110 Over 65"]
[Site "Hull"]
[Date "2024.08.03"]
[Round "6.13"]
[White "Matthews, Gabriel"]
[Black "Guilfoyle, John M"]
[Result "1/2-1/2"]
[WhiteElo "1917"]
[BlackElo "1987"]
[PlyCount "120"]
[EventDate "2024.07.29"]
[EventType "swiss"]
[EventRounds "7"]
[EventCountry "GBR"]
[SourceTitle "BritBase"]
[Source "John Saunders"]
[SourceDate "2025.02.20"]
[SourceVersion "1"]
[SourceVersionDate "2025.02.20"]
[SourceQuality "1"]

1. d4 Nf6 2. Nf3 c5 3. e3 g6 4. Be2 Bg7 5. O-O b6 6. Nbd2 O-O 7. c3 Bb7 8. Re1 d6 9. b3 Nbd7 10. Bd3 e6 11. Bb2 d5 12. Qc2 Rc8 13. Rad1 cxd4 14. exd4 Nb8 15. Ne5 Nc6 16. Nxc6 Bxc6 17. Ba6 Rb8 18. Bf1 Qc7 19. Qd3 Nd7 20. Nf3 e5 21. dxe5 Nxe5 22. Nxe5 Bxe5 23. g3 Rfe8 24. Bg2 Rbd8 25. f4 Bd6 26. Rxe8+ Rxe8 27. Bxd5 Bc5+ 28. Kh1 Bxd5+ 29. Qxd5 Re2 30. Ba1 Qe7 31. Qd8+ Qxd8 32. Rxd8+ Bf8 33. Rd1 f6 34. c4 Kf7 35. Bc3 Rc2 36. Rd3 Ke6 37. g4 Bd6 38. Bd2 Rxa2 39. Be3 f5 40. h3 Re2 41. Bd2 Re4 42. Re3 Rxe3 43. Bxe3 Bb4 44. g5 Kd6 45. Kg2 Bc5 46. Bd2 Bd4 47. Kf3 Kc5 48. Ke2 b5 49. cxb5 Kxb5 50. Kd3 Bb6 51. Bc3 a6 52. Bd2 Bg1 53. Bc3 Kc5 54. Bd2 Kd5 55. Bc3 Bc5 56. Bd2 Bf8 57. Be3 h6 58. gxh6 Bxh6 59. Bd2 Kc5 60. Kc3 Bg7+ 1/2-1/2

[Event "GBR-ch110 Over 65"]
[Site "Hull"]
[Date "2024.08.03"]
[Round "6.14"]
[White "Fryer, David W"]
[Black "Pickersgill, Adrian O"]
[Result "1-0"]
[WhiteElo "1916"]
[BlackElo "1974"]
[PlyCount "85"]
[EventDate "2024.07.29"]
[EventType "swiss"]
[EventRounds "7"]
[EventCountry "GBR"]
[SourceTitle "BritBase"]
[Source "John Saunders"]
[SourceDate "2025.02.20"]
[SourceVersion "1"]
[SourceVersionDate "2025.02.20"]
[SourceQuality "1"]

1. e4 d6 2. d4 Nf6 3. Nc3 c6 4. Nf3 Bg4 5. h3 Bh5 6. Bd3 e6 7. g4 Bg6 8. g5 Nfd7 9. Nh4 Be7 10. Nxg6 hxg6 11. Qg4 Qb6 12. Ne2 Na6 13. c3 O-O-O 14. a4 Nab8 15. a5 Qc7 16. b4 c5 17. bxc5 dxc5 18. Bf4 Bd6 19. e5 Be7 20. a6 b6 21. Be4 Nc6 22. O-O Ndb8 23. Bg2 Rh7 24. h4 Rdh8 25. Bg3 Kd8 26. Rfd1 Ke8 27. Qe4 Kf8 28. Rd3 Qc8 29. Rf3 Kg8 30. Nf4 Qe8 31. d5 exd5 32. Nxd5 Bd6 33. Re1 Bf8 34. e6 Qxe6 35. Qxe6 fxe6 36. Rxe6 Rxh4 37. Re8 Nd7 38. Bxh4 Rxh4 39. Bh3 Nce5 40. Be6+ Kh7 41. Rh3 Rxh3 42. Bxh3 Bd6 43. f4 1-0

[Event "GBR-ch110 Over 65"]
[Site "Hull"]
[Date "2024.08.03"]
[Round "6.15"]
[White "Punnett, Alan K"]
[Black "Ramage, Colin R"]
[Result "1-0"]
[WhiteElo "1968"]
[BlackElo "1884"]
[PlyCount "69"]
[EventDate "2024.07.29"]
[EventType "swiss"]
[EventRounds "7"]
[EventCountry "GBR"]
[SourceTitle "BritBase"]
[Source "John Saunders"]
[SourceDate "2025.02.20"]
[SourceVersion "1"]
[SourceVersionDate "2025.02.20"]
[SourceQuality "1"]

1. e4 e5 2. Nf3 Nc6 3. d4 exd4 4. Nxd4 Nf6 5. Nxc6 bxc6 6. e5 Nd5 7. c4 Nb6 8. Bd3 Bb4+ 9. Bd2 Qe7 10. O-O Bxd2 11. Nxd2 O-O 12. Qc2 h6 13. Rae1 Bb7 14. f4 Rae8 15. Nf3 d6 16. exd6 Qxd6 17. c5 Qxf4 18. cxb6 cxb6 19. Qc4 Qd6 20. Rd1 Qc7 21. Bf5 Rd8 22. Rxd8 Rxd8 23. Be4 Re8 24. Rd1 b5 25. Qd3 c5 26. Bxb7 Qxb7 27. Qd7 Qxd7 28. Rxd7 Re2 29. Rd2 Re7 30. Rd8+ Kh7 31. Kf2 Rc7 32. Rd6 c4 33. Nd4 c3 34. bxc3 Rxc3 35. Ra6 1-0

[Event "GBR-ch110 Over 65"]
[Site "Hull"]
[Date "2024.08.03"]
[Round "6.17"]
[White "Jerome, Stellio"]
[Black "Spanton, Tim R"]
[Result "0-1"]
[WhiteElo "1665"]
[BlackElo "1928"]
[PlyCount "30"]
[EventDate "2024.07.29"]
[EventType "swiss"]
[EventRounds "7"]
[EventCountry "GBR"]
[SourceTitle "BritBase"]
[Source "John Saunders"]
[SourceDate "2025.02.20"]
[SourceVersion "1"]
[SourceVersionDate "2025.02.20"]
[SourceQuality "1"]

1. f4 Nf6 2. Nf3 d5 3. e3 c5 4. Be2 Nc6 5. d3 Qc7 6. Nc3 a6 7. e4 d4 8. e5 dxc3 9. exf6 cxb2 10. Bxb2 exf6 11. O-O Qxf4 12. Bc1 Qc7 13. d4 cxd4 14. Nxd4 Nxd4 15. Qxd4 Bc5 0-1